000 00226 a2200109 4500
003 Nust
005 20170207154233.0
040 _cNust
082 _a371.33
245 _aTrain Green (VHS-585)
440 _aTrain Green (VHS-585)
538 _aDuration 35-Mins
999 _c196015
_d196015